000 01347cam a2200409 i 4500
001 0000568
003 DO-SdBNP
005 20171110094744.0
007 0000568
008 100514s 2010 mx 000 f spa
015 _a
017 _a
_b
020 _a9786071105752
035 _a
040 _aBPMSU
_bspa
_cBPMSU
_e
080 _a
082 4 _a613.9071
_bL991m
100 1 _aLyon, Maureen E.
240 1 4 _aMy teen has had sex. Now what do i do? /
_lEspañol
245 1 0 _aMi hijo adolescente ya tiene sexo
_b¿ahora qué hago?
_cMaureen E. Lyon, Christina Breda Antoniades ; traducción Vicente Herrasti
260 _aMéxico :
_bSantillana ediciones generales,
_bAguilar,
_c2010.
300 _a263 p.:
_c24 m
500 _aIncluye datos biográficos de las autoras en las solapas.
500 _aIncluye referencias bibliográficas y notas al pie de las páginas
504 _aBibliografia p: 261-263
650 4 _aEDUCACIÓN SEXUAL PARA JÓVENES
650 4 _aEMBARAZO EN ADOLESCENTES
650 4 _aENFERMEDADES TRANSMISIBLES
650 4 _aCONDUCTA SEXUAL
650 4 _aADOLESCENTE
700 1 2 _aHerrasti, Vicente
_etrad.
700 1 2 _aBreda Antoniades, Christina
910 _aValidado. Control de calidad MFF
942 _2ddc
_cBK
945 _aInventariado, 2017/MFF
956 _aYLOCKWARD
_810
_cBPMSU
999 _c11025
_d11025